| 000 | 00437 a2200133 4500 | ||
|---|---|---|---|
| 001 | ART_51888 | ||
| 005 | 20260410161633.0 | ||
| 008 | 260409a | ||
| 245 | 1 | 0 | _aEl capital social y ambiental desde lo contable y la responsabilidad social ante el COVID-19 |
| 100 | 1 | _aGeba, Norma Beatriz | |
| 700 | 1 | _aBifaretti, Marcela Claudia | |
| 700 | 1 | _aRovelli, Patricia B. | |
| 773 | 0 |
_tEnfoques _g- N°7 (jul. 2020) _wREV416 |
|
| 999 |
_c12594 _d12594 |
||